000
00181 a2200097 4500
020
_a
9780312429980
041
_a
eng
100
_a
Mantel, Hilary
245
_a
Wolf Hall
942
_c
BK
999
_c
29760
_d
29758